000 00410nam a2200169Ia 4500
005 20240823010654.0
008 240823s9999||||xx |||||||||||||| ||und||
082 _A658.406 P0
100 _a"Colenso,Michael"
245 0 _aSuccessful Organizational Change
250 _a1st
260 _c2000
_b"PHI,London"
500 _aYES
650 _aManagement
_bManagement Studies
942 _cBK
999 _c159313
_d159313